|
|
|
|
| LEADER |
01571nam a22004214a 4500 |
| 001 |
EBC235049 |
| 003 |
MiAaPQ |
| 005 |
20200520144314.0 |
| 006 |
m o d | |
| 007 |
cr cn||||||||| |
| 008 |
041105s2005 enka sb 001 0 eng |
| 010 |
|
|
|z 2004026437
|
| 020 |
|
|
|z 9781845410193
|
| 020 |
|
|
|z 1845410173 (pbk : alk. paper)
|
| 020 |
|
|
|z 1845410181 (hbk : alk. paper)
|
| 035 |
|
|
|a (MiAaPQ)EBC235049
|
| 035 |
|
|
|a (Au-PeEL)EBL235049
|
| 035 |
|
|
|a (CaPaEBR)ebr10110160
|
| 035 |
|
|
|a (CaONFJC)MIL62788
|
| 035 |
|
|
|a (OCoLC)475941451
|
| 040 |
|
|
|a MiAaPQ
|c MiAaPQ
|d MiAaPQ
|
| 050 |
|
4 |
|a G155.A1
|b J33 2005
|
| 082 |
0 |
4 |
|a 910/.01
|2 22
|
| 100 |
1 |
|
|a Jack, Gavin,
|d 1973-
|
| 245 |
1 |
0 |
|a Tourism and intercultural exhange
|h [electronic resource] :
|b why tourism matters /
|c Gavin Jack and Alison Phipps.
|
| 260 |
|
|
|a Clevedon ;
|a Buffalo :
|b Channel View Publications,
|c c2005.
|
| 300 |
|
|
|a viii, 181 p. :
|b ill.
|
| 490 |
1 |
|
|a Tourism and cultural change ;
|v 4
|
| 504 |
|
|
|a Includes bibliographical references (p. 170-175) and index.
|
| 533 |
|
|
|a Electronic reproduction. Ann Arbor, MI : ProQuest, 2015. Available via World Wide Web. Access may be limited to ProQuest affiliated libraries.
|
| 650 |
|
0 |
|a Cultural relations.
|
| 650 |
|
0 |
|a Tourism
|x Psychological aspects.
|
| 650 |
|
0 |
|a Travelers
|x Psychology.
|
| 655 |
|
4 |
|a Electronic books.
|
| 700 |
1 |
|
|a Phipps, Alison M.
|
| 710 |
2 |
|
|a ProQuest (Firm)
|
| 830 |
|
0 |
|a Tourism and cultural change ;
|v 4.
|
| 856 |
4 |
0 |
|u https://ebookcentral.proquest.com/lib/matrademy/detail.action?docID=235049
|z Click to View
|